000 00649nam a2200205 i 4500
001 125571
003 ES-MaACL
005 20250902221355.0
007 t|
008 070619q1949 sp ||||1| spa d
100 1 _aZiegler, A.
_9118232
245 1 0 _aConstrucciones de hormigón armado /
_cpor A. Ziegler.
260 _aBarcelona :
_bJuan Bruguer,
_c[1949?] (
_fImp. Moderna)
300 _a367 p. ;
_c22 cm.
490 1 _aBiblioteca práctica de construcción
650 7 _aEstructuras de hormigón armado
_2embne
_9164177
830 0 _aBiblioteca práctica de construcción
_9180967
852 _aES-MaACL
_jF-5197
999 _c125571
_d125571